| 000 | 00484nam a2200181Ia 4500 | ||
|---|---|---|---|
| 999 |
_c24480 _d24480 |
||
| 003 | GCL | ||
| 005 | 20240530101104.0 | ||
| 008 | 140319s9999 xx 000 0 eng d | ||
| 040 |
_aGCL / _cGCL |
||
| 082 | 0 | 4 |
_a720.924 _bB R |
| 100 | 1 | _aBRYAN, JOHNM | |
| 245 | 1 | 0 |
_aRobert Mills / _cBRYAN, JOHNM |
| 260 |
_a[S.N] : _bTHE AMERICAN UNIVERSITY IN CAIRO PRESS ، _c1923 |
||
| 300 | _a196 P | ||
| 650 | 0 | 4 | _aMILLS, ROBERT, 1781 - 1855 CRI |
| 650 | 0 | 4 | _aINTERPRETATION |
| 942 |
_2ddc _cBK |
||